Normal view
MARC view
Entry Personal Name
001 - CONTROL NUMBER
- control field: 37930
003 - CONTROL NUMBER IDENTIFIER
- control field: ARRUPE
005 - DATE AND TIME OF LATEST TRANSACTION
- control field: 20171204112628.0
008 - FIXED-LENGTH DATA ELEMENTS
- fixed length control field: 171204|| aca||aabn | a|a d
040 ## - CATALOGING SOURCE
- Original cataloging agency: ARRUPE
- Transcribing agency: ARRUPE
100 ## - HEADING--PERSONAL NAME
- Personal name: Amadiume, Ifi
670 ## - SOURCE DATA FOUND
- Source citation: Work cat.: (ARRUPE)3832: Amadiume, Ifi, Re-inventing Africa: